00262pam a2200109 a 4500020000500000041000500005100001800010245006600028250001000094260003200104300001600136 c h aTony Bennett. aSinatra (Rembering)bSinatra (Rembering)hTextual Documents a1998. a[s.l]:bA Life in Pictures a128:bHard.